The IMO Compendium [electronic resource] : A Collection of Problems Suggested for The International Mathematical Olympiads: 1959-2009 Second Edition / by Dušan Djukić, Vladimir Janković, Ivan Matić, Nikola Petrović.
Record details
- ISBN: 9781441998545
- Physical Description: XIV, 809p. 124 illus. digital.
- Publisher: New York, NY : Springer New York, 2011.
Search for related items by subject
| Subject: | Mathematics. Mathematics. Mathematics, general. |
Search for related items by series
Other Formats and Editions
Electronic resources
| LDR | 01311nam a22003495i 4500 | ||
|---|---|---|---|
| 001 | 4072 | ||
| 003 | CONS | ||
| 005 | 20121025221242.0 | ||
| 007 | cr nn 008mamaa | ||
| 008 | 110504s2011 xxu| s |||| 0|eng d | ||
| 020 | . | ‡a9781441998545 ‡9978-1-4419-9854-5 | |
| 024 | 7 | . | ‡a10.1007/978-1-4419-9854-5 ‡2doi |
| 035 | . | ‡a(DE-He213)978-1-4419-9854-5 | |
| 050 | 4. | ‡aQA1-939 | |
| 072 | 7. | ‡aPB ‡2bicssc | |
| 072 | 7. | ‡aMAT000000 ‡2bisacsh | |
| 100 | 1 | . | ‡aDjukić, Dušan. |
| 245 | 1 | 4. | ‡aThe IMO Compendium ‡h[electronic resource] : ‡bA Collection of Problems Suggested for The International Mathematical Olympiads: 1959-2009 Second Edition / ‡cby Dušan Djukić, Vladimir Janković, Ivan Matić, Nikola Petrović. |
| 260 | . | ‡aNew York, NY : ‡bSpringer New York, ‡c2011. | |
| 300 | . | ‡aXIV, 809p. 124 illus. ‡bdigital. | |
| 490 | 0 | . | ‡aProblem Books in Mathematics, ‡x0941-3502 |
| 650 | 0. | ‡aMathematics. | |
| 650 | 1 | 4. | ‡aMathematics. |
| 650 | 2 | 4. | ‡aMathematics, general. |
| 700 | 1 | . | ‡aJanković, Vladimir. |
| 700 | 1 | . | ‡aMatić, Ivan. |
| 700 | 1 | . | ‡aPetrović, Nikola. |
| 710 | 2 | . | ‡aSpringerLink (Online service) |
| 773 | 0 | . | ‡tSpringer eBooks |
| 776 | 0 | 8. | ‡iPrinted edition: ‡z9781441998538 |
| 830 | 0. | ‡aProblem Books in Mathematics, ‡x0941-3502 | |
| 856 | 4 | 0. | ‡uhttp://dx.doi.org/10.1007/978-1-4419-9854-5 ‡9CONS |
| 950 | . | ‡aMathematics and Statistics (Springer-11649) | |
| 901 | . | ‡a4072 ‡b ‡c4072 ‡tbiblio ‡sSystem Local | |